<?xml version="1.0" encoding="UTF-8"?>
<marc:record xmlns:marc="http://www.loc.gov/MARC21/slim">
   <marc:leader>00000nam a2200000 a 4500</marc:leader>
   <marc:datafield ind1="1" ind2=" " tag="100">
      <marc:subfield code="a">Moss, Carrie-Anne</marc:subfield>
   </marc:datafield>
   <marc:datafield ind1="1" ind2=" " tag="100">
      <marc:subfield code="a">Browning, Emily</marc:subfield>
   </marc:datafield>
   <marc:datafield ind1="1" ind2=" " tag="100">
      <marc:subfield code="a">Harington, Kit</marc:subfield>
   </marc:datafield>
   <marc:datafield ind1="1" ind2=" " tag="100">
      <marc:subfield code="a">Anderson, Paul W.S.</marc:subfield>
   </marc:datafield>
   <marc:datafield ind1=" " ind2=" " tag="653">
      <marc:subfield code="a">Bürgerstochter</marc:subfield>
   </marc:datafield>
   <marc:datafield ind1=" " ind2=" " tag="653">
      <marc:subfield code="a">Liebe</marc:subfield>
   </marc:datafield>
   <marc:datafield ind1=" " ind2=" " tag="653">
      <marc:subfield code="a">Sklave</marc:subfield>
   </marc:datafield>
   <marc:datafield ind1=" " ind2=" " tag="653">
      <marc:subfield code="a">Römisches Reich</marc:subfield>
   </marc:datafield>
   <marc:datafield ind1=" " ind2=" " tag="653">
      <marc:subfield code="a">Vesuv</marc:subfield>
   </marc:datafield>
   <marc:datafield ind1="0" ind2="0" tag="245">
      <marc:subfield code="a">Pompeii</marc:subfield>
   </marc:datafield>
   <marc:datafield ind1="0" ind2="0" tag="245">
      <marc:subfield code="c">Regie: Paul W.S. Anderson. Darst.: Kit Harington, Emily Browning, Carrie-Anne Moss ...</marc:subfield>
   </marc:datafield>
   <marc:datafield ind1=" " ind2="1" tag="264">
      <marc:subfield code="a">München</marc:subfield>
      <marc:subfield code="b">Constantin Film</marc:subfield>
      <marc:subfield code="c">2014</marc:subfield>
   </marc:datafield>
   <marc:datafield ind1="1" ind2=" " tag="520">
      <marc:subfield code="a">Wir schreiben das Jahr 79 n. Chr.: Das römische Reich wird von Intrigen zerfressen, während Brot und Spiele die Bevölkerung bei Laune halten. Der Alltag des Sklaven Milo (Kit Harington) ist ein permanenter Überlebenskampf, ausgetragen in staubigen, blutgetränkten Arenen. Sein einziger Lichtblick: die wunderschöne und reiche Cassia (Emily Browning). Doch die Liebesbeziehung mit der jungen Frau ist zum Scheitern verurteilt. Der mächtige und abgebrühte Senator Corvus (Kiefer Sutherland) will Cassia ebenfalls zur Frau. Er hat die Mittel, seinen Willen durchzusetzen und die Liebe zwischen Sklave und Bürgerstochter zu zerstören. Zumal noch von ganz anderer Richtung Zerstörung droht: Der Vesuv regt sich - seine Eruption würde nicht nur die Stadt Pompeij vernichten, sondern mit ihr auch Cassias und Milos Liebe…</marc:subfield>
   </marc:datafield>
   <marc:datafield ind1=" " ind2=" " tag="020">
      <marc:subfield code="a">4011976887881</marc:subfield>
      <marc:subfield code="9">4011976887881</marc:subfield>
   </marc:datafield>
   <marc:datafield ind1="3" ind2=" " tag="024">
      <marc:subfield code="a">4011976887881</marc:subfield>
   </marc:datafield>
   <marc:datafield ind1="0" ind2=" " tag="490">
      <marc:subfield code="v">0</marc:subfield>
   </marc:datafield>
   <marc:datafield ind1=" " ind2=" " tag="300">
      <marc:subfield code="a">1 DVD : ca. 101 Min.</marc:subfield>
   </marc:datafield>
</marc:record>
